[Event "CP-2012-P-00029"]
[Site "LSS email"]
[Date "2012.10.01"]
[Round "?"]
[White "Guzman, Armando"]
[Black "Bulgarini Torre, Marco"]
[Result "0-1"]
[WhiteElo "800"]
[BlackElo "1974"]
[PlyCount "106"]
[EventDate "2012.10.05"]
[EventType "tourn (corr)"]
[EventRounds "6"]
[EventCountry "GER"]
[SourceTitle "Corr 2022"]
[Source "ChessBase"]
[SourceDate "2021.10.24"]
[SourceVersion "1"]
[SourceVersionDate "2021.10.24"]
[SourceQuality "1"]

1. e4 e6 2. d3 d5 3. Nd2 c5 4. Ngf3 Nc6 5. g3 Nf6 6. Bg2 Be7 7. 0-0 0-0 8. Re1 b5 9. e5 Nd7 10. Nf1 a5 11. Qe2 a4 12. h4 a3 13. Ne3 axb2 14. Bxb2 h6 15. h5 Nb6 16. Ng4 Ra4 17. Bh3 Re8 18. Bc1 Nd7 19. a3 Qa5 20. Qd1 Bb7 21. Bd2 Qb6 22. Qc1 Bf8 23. Nxh6+ gxh6 24. Bxh6 Qd8 25. Bf4 Be7 26. h6 Nf8 27. Bg4 Ng6 28. Bh5 Nxf4 29. gxf4 Kh8 30. Kf1 Rf8 31. Rb1 Nd4 32. Nxd4 cxd4 33. f5 exf5 34. Rxb5 Bc6 35. Rb3 Bg5 36. Qd1 Qc8 37. Qf3 Qe6 38. Rb6 Bd2 39. Re2 Bxh6 40. Qh3 Rxa3 41. f4 Ra1+ 42. Kf2 Kg8 43. Kf3 Rg1 44. Kf2 Rg7 45. Qh4 Rc8 46. Re1 Rh7 47. Rh1 Kf8 48. Ra6 Ke8 49. Bf3 Rh8 50. Bh5 Kd7 51. Qg3 Rc7 52. Bf3 Ra8 53. Rxa8 Bxa8 0-1

[Event "OP-2012-0-02355"]
[Site "LSS email"]
[Date "2012.08.14"]
[Round "?"]
[White "Garcia, Javier N"]
[Black "Guzman, Armando"]
[Result "0-1"]
[WhiteElo "755"]
[BlackElo "800"]
[PlyCount "62"]
[EventDate "2012.08.11"]
[EventType "tourn (corr)"]
[EventRounds "4"]
[EventCountry "GER"]
[SourceTitle "Telechess CBM 165"]
[Source "ChessBase"]
[SourceDate "2015.03.11"]
[SourceVersion "1"]
[SourceVersionDate "2015.03.11"]
[SourceQuality "1"]

1. d4 Nf6 2. c4 g6 3. Nf3 Bg7 4. e3 d6 5. Bd3 Nbd7 6. 0-0 e5 7. dxe5 dxe5 8. e4 0-0 9. Bg5 Nc5 10. Bc2 Qxd1 11. Rxd1 Nfxe4 12. Bxe4 Nxe4 13. Be7 Re8 14. Rd8 Bf5 15. Rxa8 Rxa8 16. Nc3 Nxc3 17. bxc3 f6 18. Rd1 Be6 19. Rd8+ Rxd8 20. Bxd8 Bxc4 21. a3 c5 22. Be7 b6 23. Nd2 Bd3 24. f3 f5 25. Bd6 e4 26. fxe4 Bxc3 27. Nb3 fxe4 28. Bf4 c4 29. Nc1 Bd4+ 30. Kh1 e3 31. Nxd3 cxd3 0-1

[Event "ZN-2012-0-02025"]
[Site "LSS email"]
[Date "2012.08.14"]
[Round "?"]
[White "Guzman, Armando"]
[Black "Klawitter, Bernd"]
[Result "1-0"]
[WhiteElo "800"]
[BlackElo "839"]
[PlyCount "45"]
[EventDate "2012.08.10"]
[EventType "match (corr)"]
[EventRounds "2"]
[EventCountry "GER"]
[SourceTitle "Telechess CBM 153"]
[Source "ChessBase"]
[SourceDate "2013.03.14"]
[SourceVersion "1"]
[SourceVersionDate "2013.03.14"]
[SourceQuality "1"]

1. e4 e6 2. d3 d6 3. Nd2 Be7 4. Ngf3 c5 5. d4 cxd4 6. Nxd4 Nc6 7. Nxc6 bxc6 8. Qg4 Kf8 9. Be2 e5 10. Qg3 Be6 11. 0-0 Nh6 12. Nc4 Bxc4 13. Bxc4 Ng8 14. f4 Bh4 15. Qb3 Qc7 16. fxe5 Rb8 17. Rxf7+ Qxf7 18. Qxb8+ Qe8 19. Qxd6+ Be7 20. Qd4 Qd8 21. Qf2+ Ke8 22. Qf7+ Kd7 23. Qxg7 1-0

[Event "OP-2012-0-02349"]
[Site "LSS email"]
[Date "2012.08.11"]
[Round "?"]
[White "Guzman, Armando"]
[Black "Lauer, Fredric"]
[Result "1-0"]
[WhiteElo "800"]
[BlackElo "1005"]
[PlyCount "61"]
[EventDate "2012.08.08"]
[EventType "tourn (corr)"]
[EventRounds "4"]
[EventCountry "GER"]
[SourceTitle "Telechess CBM 165"]
[Source "ChessBase"]
[SourceDate "2015.03.11"]
[SourceVersion "1"]
[SourceVersionDate "2015.03.11"]
[SourceQuality "1"]

1. e4 d5 2. exd5 Qxd5 3. Nc3 Qd6 4. d4 Nf6 5. Nf3 a6 6. Bd3 Bg4 7. h3 Bh5 8. g4 Bg6 9. g5 Nd5 10. Nxd5 Qxd5 11. c4 Qd6 12. Qb3 Bxd3 13. Qxb7 Be4 14. Qxe4 Qc6 15. d5 Qg6 16. Qxg6 hxg6 17. Be3 Nd7 18. 0-0-0 0-0-0 19. c5 e6 20. dxe6 fxe6 21. c6 Nb6 22. Rxd8+ Kxd8 23. Bxb6 cxb6 24. Rd1+ Kc8 25. Nd4 e5 26. Ne6 Bc5 27. Rd7 Bxf2 28. Rxg7 Kb8 29. Nc7 a5 30. Nb5 Bc5 31. Rb7+ 1-0